Normal view
MARC view
- Islamiat and Pak Studies
Entry Topical Term
001 - CONTROL NUMBER
- control field: 109087
003 - CONTROL NUMBER IDENTIFIER
- control field: NUST
005 - DATE AND TIME OF LATEST TRANSACTION
- control field: 20230215123736.0
008 - FIXED-LENGTH DATA ELEMENTS
- fixed length control field: 230215|| aca||aabn | a|a d
040 ## - CATALOGING SOURCE
- Original cataloging agency: NUST
- Transcribing agency: NUST
150 ## - HEADING--TOPICAL TERM
- Topical term or geographic name entry element: Islamiat and Pak Studies
670 ## - SOURCE DATA FOUND
- Source citation: Work cat.: (NUST)187958: Khan, Muhammad Yasin 109086, Islamiat Mutala-e-Pakistan /
